Salta al contenuto

Основы физического воспитания студентов

Учебно-методическое пособие «Основы физического воспитания студентов» рассматривает вопросы физического воспитания студентов, а также, средства, методы и формы занятий физической культурой и предназначено для преподавателей физической культуры и студентов вузов....

Descrizione completa

Salvato in:
Dettagli Bibliografici
Autore principale: Маркин Э. В.
Altri autori: Кателкин А. В.
Natura: Книга
Lingua:Russian
Pubblicazione: Орел ОрелГАУ 2013
Accesso online:http://e.lanbook.com/books/element.php?pl1_id=71413
https://e.lanbook.com/img/cover/book/71413.jpg
Tags: Aggiungi Tag
Nessun Tag, puoi essere il primo ad aggiungerne! !
LEADER 01417nam0a2200241 i 4500
001 71413
003 RuSpLAN
005 20221220173945.0
008 221220s2013 ru gs 000 0 rus
040 |a RuSpLAN 
041 0 |a rus 
044 |a ru 
245 0 0 |a Основы физического воспитания студентов  |c Маркин Э. В.,Кателкин А. В. 
260 |a Орел  |b ОрелГАУ  |c 2013 
300 |a 149 с. 
504 |a Библиогр.: доступна в карточке книги, на сайте ЭБС Лань 
520 8 |a Учебно-методическое пособие «Основы физического воспитания студентов» рассматривает вопросы физического воспитания студентов, а также, средства, методы и формы занятий физической культурой и предназначено для преподавателей физической культуры и студентов вузов. 
521 8 |a Книга из коллекции ОрелГАУ - Физкультура и Спорт 
100 1 |a Маркин Э. В. 
700 1 |a Кателкин А. В. 
856 4 |u http://e.lanbook.com/books/element.php?pl1_id=71413 
856 4 8 |u https://e.lanbook.com/img/cover/book/71413.jpg 
953 |a https://e.lanbook.com/img/cover/book/71413.jpg